| 000 | 00407nam a22001697a 4500 | ||
|---|---|---|---|
| 020 | _a978-1-266-26413-9 | ||
| 082 | _a333.04 | ||
| 100 | _aHisrich, Robert D. | ||
| 245 | _aEntrepreneurship | ||
| 250 | _a12th | ||
| 260 |
_aNew York: _bMcGraw Hill, _c2024 |
||
| 300 | _axii, 552p.: ill.; 26cm | ||
| 500 | _aIncludes Index | ||
| 700 | _aPeters, Michael P. | ||
| 700 | _aShepherd, Dean A. | ||
| 942 | _cBK | ||
| 999 |
_c22155 _d22155 |
||